000 01180nam a22002417a 4500
003 KOHA_MİRAKIL
005 20260413123943.0
008 260413b tu ||||| |||| 00| 0 tur d
040 _aTR-AnABB
_btur
_cTR-AnABB
041 _atur
082 _a352.0080609567
_bGUN 1994
111 2 _aGüneydoğu ve yerel yönetimler sempozyumu
_d(1994 :
_cDiyarbakır)
_93374
245 1 0 _aGüneydoğu ve yerel yönetimler sempozyumu, 26-27 Ekim 1994, Diyarbakır /
_cTürk Belediyecilik Derneği
260 _aAnkara :
_bTürk Belediyecilik Derneği,
_c1994
300 _a126 sayfa ;
_c20 cm
500 _aBirinci Oturum: Kentleşme Sorunları, Oturum Başkanı Prof. Dr. Ruşen Keleş Dördüncü Oturum: Genel Değerlendirme, Prof. Dr. Ruşen Keleş'in Konuşması
505 _aİçindekiler: Birinci Oturum: Kentleşme Sorunları - İkinci Oturum: Belediyelerin idari-mali ve sosyal sorunları - Üçüncü Oturum: Yerel yönetimler reformu - Dördüncü Oturum: Genel Değerlendirme
650 0 4 _aYerel yönetimler
650 0 4 _aYerel yönetimler, GAP
650 0 4 _aYerel yönetimler, GAP
650 0 4 _aYerel yönetimler, Türkiye
942 _2ddc
_cBK
999 _c10200
_d10200
900 _bCan ÇELIK